8-Letter Movies Slideshow Quiz Stats

 Plays Quiz Updated Oct 26, 2018

Challenge
Share
Tweet
Score 0/24 Timer 08:00
6 Plays Today
% Correct
Superman
99.9%
Toy Story
94.9%
King Kong
93.9%
Hercules
93.4%
Godzilla
92.4%
Fantasia
89.1%
Gremlins
88.3%
Mamma Mia!
83%
Airplane!
82.6%
Scarface
82.1%
Deadpool
81.5%
Clueless
78.1%
% Correct
Gone Girl
76.4%
Superbad
72.2%
Megamind
67.5%
Predator
66.6%
Precious
63.6%
Heathers
47.8%
Whiplash
46.6%
Lady Bird
44.1%
Election
43.5%
Chocolat
41.7%
Commando
40.6%
Oklahoma!
40.6%

You're not logged in!

Compare scores with friends on all Sporcle quizzes.
OR
Log In

You Might Also Like...

Show Comments

Extras

Top Quizzes Today


Score Distribution

Your Account Isn't Verified!

In order to create a playlist on Sporcle, you need to verify the email address you used during registration. Go to your Sporcle Settings to finish the process.

Report this User

Report this user for behavior that violates our Community Guidelines.

Details: